História de Portugal (Registo nº 620)

Detalhes MARC
000 -Etiqueta do registo
Cabeçalho 01005nam0a2200313 4500
005 - Identificador da versão
Campo de controlo 20240813121808.0
095 ## -
-- PTBN00519325
010 ## - Número internacional normalizado dos livros (ISBN)
Número (ISBN) 9722110268
021 ## - Número do Depósito Legal
Código do país PT
Número 90310/95
Código do país PT
Número 80641/94
Código do país PT
Número 90310/95
100 ## - Dados gerais de processamento
Dados gerais de processamento 20150924g1995 cd y0pory5003 ba
102 ## - Pais de publicação ou produção
País de publicação Portugal
101 0# - Língua de publicação
Língua do texto, banda sonora, etc. Português
215 ## - Descrição física 
Indicação específica da natureza do documento e extensão da espécie 203 p.
Outras indicações físicas il. color
200 1# - Titulo e menção de responsabilidade
Título próprio História de Portugal
Primeira menção de responsabilidade José Mattoso, Ana Maria Magalhães, Isabel Alçada
225 2# - Colecção 
Título próprio da colecção História de Portugal
Indicação de volume 3
210 ## - Publicação, Distribuição, etc. 
Lugar da edição, distribuição, etc. Lisboa
Nome do editor, distribuidor, etc. Caminho
Data da publicação, distribuição, etc. cop. 1995
314 ## - Notas relativas a responsabilidade intelectual 
Texto da nota Isabel Alçada é pseudónimo de Maria Isabel Girão de Melo Veiga Vilar
606 ## - Nome comum usado como assunto
Número de registo de entrada de autoridade 0002149
Palavra de ordem História
Subdivisão de assunto Portugal
Código do sistema CA
675 ## - Classificação Decimal Universal (CDU)
Notação 94(469)
Edição 3ª ed.
Língua da edição por
701 #1 - Nome de autor-pessoa física (co-responsabilidade principal)
Palavra de ordem Magalhães
Outra parte do nome não tomada para palavra de ordem Ana Maria
Elementos de identificação ou distinção e outro
Datas 1946-
Código de função Autor / Co-autor
Palavra de ordem Alçada
Outra parte do nome não tomada para palavra de ordem Isabel
Elementos de identificação ou distinção pseud.
-- e outro
Datas 1950-
Código de função Autor / Co-autor
700 #1 - Nome de autor-pessoa física (responsabilidade principal)
Número de registo de entrada de autoridade 0002578
Palavra de ordem Matoso
Outra parte do nome não tomada para palavra de ordem José
Elementos de identificação ou distinção e outro
Datas 1933-
966 ## - Identificação da Biblioteca
Sigla EB2,3ENM
942 ## - Elementos de entrada adicionados (Koha)
Tipo de item no Koha Livro
Exemplares
Situação do levantamento Origin of item (home branch) (coded) Biblioteca de empréstimo Código de barras Cota Circulation type (not for loan) Tipo de documento Nota do exemplar Damaged status
  Biblioteca Escolar Eng. Nuno Mergulhão Biblioteca Escolar Eng. Nuno Mergulhão BENM958 94(469) MAT   Livro Sem mensagem